| 000 | 02003nam0a2200361 4500 | ||
|---|---|---|---|
| 001 | RU\NLR\bibl\110858 | ||
| 005 | 20260406002432.0 | ||
| 010 |
_a5-93392-009-6 _92000 |
||
| 021 |
_aRU _b2000-19197 _9905 |
||
| 035 | _a(NLR Aleph) 000108511 | ||
| 090 |
_a614996 _c614996 |
||
| 100 | _a20001002d2000 |||y0rusy50 ca | ||
| 101 | 0 | _arus | |
| 102 | _aRU | ||
| 105 | _aa ||||||||| | ||
| 200 | 1 |
_aMercedes-Benz _e190, 190E & 190D _e[1983-1993 Модели с бензиновыми и дизел. двигателями] _eРемонт и техн. обслуживание _fSteve Rendle и Spencer Drayton |
|
| 210 |
_aСПб. _cАлфамер Паблишинг _cБолдосова Л.Г. _d2000 |
||
| 215 |
_a[336] с. разд. паг. _cил. _d29 |
||
| 225 | 1 | _aРуководства по ослуживанию и ремонту | |
| 300 | _aНа обл. авт. не указаны | ||
| 606 | 0 |
_aАвтомобили "Мерседес-Бенц" 190 _jРуководства, пособия и т.п. _xРемонт _92178906 _3RU\NLR\auth\661310425 |
|
| 606 | 0 |
_aMercedes-Benz 190, легковые автомобили _jРуководства, пособия и т.п. _xРемонт _92178908 _3RU\NLR\auth\661310427 |
|
| 606 | 0 |
_aАвтомобили "Мерседес-Бенц" 190 _jРуководства, пособия и т.п. _xТехническое обслуживание _92178907 _3RU\NLR\auth\661310426 |
|
| 606 | 0 |
_aMercedes-Benz 190, легковые автомобили _jРуководства, пособия и т.п. _xТехническое обслуживание _92178910 _3RU\NLR\auth\661310428 |
|
| 686 | _aО335.52-08я7"Mercedes-Benz" | ||
| 700 | 1 |
_4070 _8rus _7ca _aРэндл _bС. _gСтив _3RU\NLR\auth\77103640 _986565 |
|
| 701 | 1 |
_4070 _8rus _7ca _aДрейтон _bС. _gСпенсер _3RU\NLR\auth\77111975 _994900 |
|
| 801 | 0 |
_aRU _bNLR _c20001002 _gPSBO |
|
| 801 | 1 |
_aRU _bNLR _c20001002 |
|
| 852 |
_aNLR _j2000-8/1474 |
||
| 942 | _cBOOK | ||
| 980 | _aNB | ||